Fundamentos conceptuales de los negocios /

Contenido: Los negocios en su contexto histórico; La libertad y el concepto de corporación; Propiedad; Gobernar; Perspectivas cambiantes.

Guardado en:
Detalles Bibliográficos
Autor principal: Eells, Richard (autor)
Otros autores: Walton, Clarence C. (autor) (autor)
Formato: Libro
Idioma:Español
Publicado: México : Fondo de Cultura Económica, 1977, c1977
Colección:(Sección de Obras de Economía)
Temas:
Etiquetas: Agrega una etiqueta
Sin etiquetas, Sé el primero en etiquetar este registro!

MARC

LEADER 00000nam^a2200000^a^4500
001 000100338
005 20250521000000.0
009 20260310093200.168
037 |a Acervo ITESO - Biblioteca 
041 |a ESP 
082 |a 650.  |b EEL 
100 |a Eells, Richard  |e (autor) 
245 1 0 |a Fundamentos conceptuales de los negocios /  |c R. Eells, C.C. Walton ; tr. por Carlos Sierra y Hoyos. 
264 4 |a México :  |b Fondo de Cultura Económica,  |c 1977, c1977 
300 |a 605 p. 
336 |a texto  |b txt  |2 rdacontenido 
337 |a sin mediación  |b n  |2 rdamedio 
338 |a volumen  |b nc  |2 rdasoporte 
440 1 |a (Sección de Obras de Economía) 
500 |a Traducción de: Conceptual Foundations of Business 
520 |a Contenido: Los negocios en su contexto histórico; La libertad y el concepto de corporación; Propiedad; Gobernar; Perspectivas cambiantes. 
649 |a XX 
650 |a Empresas 
650 |a Proceso Administrativo 
650 |a Administración 
650 |a Ciencias Administrativas 
650 |a Microeconomía 
650 |a Economía -  |x Teoría 
700 |a Walton, Clarence C.  |e (autor) 
910 |a Fondo General 
920 |a Impresos - Libros 
930 |a Colección General 
905 |a 101 
901 |a 0500036279  |b IT1  |c ACC  |u 20250521 
902 |a https://opac.biblio.iteso.mx/vufind/Record/000100338